Belgium… or Yogurt - Statistics

General Stats
  • This quiz has been taken 1,070 times
  • The average score is 10 of 15
Answer Stats
Question Answer % Correct
Has won Eurovision. Belgium
97%
About 40% Greek. Yogurt
89%
Not a member of NATO. Yogurt
86%
Americans spell it differently than most British do. Yogurt
84%
Generally ranges from 0.4-3.3% fat by weight. Yogurt
81%
Integral to the Schlieffen Plan. Belgium
80%
Partially responsible for Napoleon’s downfall. Belgium
75%
Responsible for about a third of the yearly income of Benelux. Belgium
74%
Has never won the FIFA or UEFA championships. Both
73%
Good with waffles. Both
59%
Taken by Genghis Khan’s army. Yogurt
58%
Has a culture that’s beneficial to ALL humans. Yogurt
49%
Its classical equivalent was in the Roman Empire. Both
31%
Its flaws have long been decried by a truth-telling quiz site. Belgium
24%
Gets its name from a Latin word that roughly means “swollen”. Belgium
19%
No matching quizzes found
Score Distribution
Percent of People with Each Score
Percentile by Number Answered
Your Score History
You have not taken this quiz